|
|
|
|
| LEADER |
00000cam a2200000 7i4500 |
| 001 |
0000084410 |
| 005 |
20191121.0 |
| 008 |
191121 |
| 020 |
|
|
|a 9789672107279
|
| 041 |
0 |
|
|a English
|
| 090 |
0 |
0 |
|a 372.4
|b MOH
|
| 100 |
0 |
|
|a Mohammad Qayyum A. Badaruddin
|c Mejar (B) ,
|d 1968-
|
| 245 |
0 |
0 |
|a How to manage your habit
|c Mejar (B) Mohammad Qayyum A. Badaruddin
|
| 260 |
|
|
|b Casamas Resources Sdn Bhd ,
|c 2019
|
| 300 |
|
|
|a 283 p. :
|b ill., col. ;
|c 21.2 cm.
|
| 541 |
0 |
0 |
|c Purchased on 2019
|f 19/019 AMM
|h RM26.00
|
| 650 |
|
0 |
|a Reading habits
|
| 999 |
|
|
|a 0001603279
|b Book
|c Adult Collection
|e Cawangan Bukit Gambir
|
| 999 |
|
|
|a 0001603280
|b Book
|c Adult Collection
|e Cawangan Pontian
|
| 999 |
|
|
|a 0001603281
|b Book
|c Adult Collection
|e Cawangan Kota Tinggi
|
| 999 |
|
|
|a 0001603282
|b Book
|c Adult Collection
|e Cawangan Muar
|
| 999 |
|
|
|a 0001603283
|b Book
|c Adult Collection
|e Cawangan Bandar Tenggara
|
| 999 |
|
|
|a 0001603285
|b Book
|c Adult Collection
|e Cawangan Tangkak
|
| 999 |
|
|
|a 0001603286
|b Book
|c Adult Collection
|e Cawangan Taman Sri Lambak
|
| 999 |
|
|
|a 0001603287
|b Book
|c Adult Collection
|e Cawangan Bandar Penawar
|
| 999 |
|
|
|a 0001603288
|b Book
|c Adult Collection
|e Cawangan Tmn. Ungku Tun Aminah
|
| 999 |
|
|
|a 0001603290
|b Book
|c Adult Collection
|e Cawangan Mersing
|
| 999 |
|
|
|a 0001603291
|b Book
|c Adult Collection
|e Cawangan Segamat
|
| 999 |
|
|
|a 0001603384
|b Book
|c Adult Collection
|e Perbadanan Perpustakaan Awam Johor
|
| 999 |
|
|
|a 0001603385
|b Book
|c Adult Collection
|e Perbadanan Perpustakaan Awam Johor
|
| 999 |
|
|
|a 0001603386
|b Book
|c Adult Collection
|e Cawangan Urban Transformation Centre
|
| 999 |
|
|
|a 0001603387
|b Book
|c Adult Collection
|e Cawangan AEON Kulaijaya
|
| 999 |
|
|
|a 000163284
|b Book
|c Adult Collection
|e Cawangan Batu Pahat
|